000 00448nam a2200157Ia 4500
005 20250508155555.0
008 008 250505s9999 xx 000 0 eng d
037 _aBooks to be hide in OPAC
040 _aFEDL
_beng
_cFEDL
041 _aeng
_2eng
084 _a379.5479, BOM/O
_qFEDL
245 0 _aReport of public instruction in Bombay, 1920-30
300 _a188p.
942 _cHB
_h379.5479, BOM/O
999 _c1357911
_d1357911